Normal view
MARC view
- Anwar-ul-Quran
Entry Topical Term
001 - CONTROL NUMBER
- control field: 104422
003 - CONTROL NUMBER IDENTIFIER
- control field: NUST
005 - DATE AND TIME OF LATEST TRANSACTION
- control field: 20221208103137.0
008 - FIXED-LENGTH DATA ELEMENTS
- fixed length control field: 221208|| aca||aabn | a|a d
040 ## - CATALOGING SOURCE
- Original cataloging agency: NUST
- Transcribing agency: NUST
150 ## - HEADING--TOPICAL TERM
- Topical term or geographic name entry element: Anwar-ul-Quran
670 ## - SOURCE DATA FOUND
- Source citation: Work cat.: (NUST)187914: Murtaza,Malik Ghulam 104421, Anwar-ul-Quran /
